| 000 | 00365nam a2200145Ia 4500 | ||
|---|---|---|---|
| 008 | 150201s1998 xx 000 0 und d | ||
| 082 |
_a615.8 _bR98C |
||
| 100 | _aCLARK , GAYHORD L. | ||
| 245 | _aREHABILITATION : HAND A PRACTICAL GUIDEA | ||
| 250 | _a2ND | ||
| 260 |
_bCHURCHILL _aNEW YORK _c1998 |
||
| 300 | _a1-439 | ||
| 650 | _aREHABILITATION | ||
| 942 |
_2ddc _cBK |
||
| 999 |
_c1510 _d1510 |
||